The Court-fees act (vii of 1870) and the suits valuation act (vii of 1887) (Record no. 542700)

000 -LEADER
fixed length control field 00505nam a2200157 a 4500
082 ## - DEWEY DECIMAL CLASSIFICATION NUMBER
Classification number 343.735
Author Mark ALL
-- L-32 P-16
100 1# - MAIN ENTRY--PERSONAL NAME
Personal name Choudhry, A. M.
9 (RLIN) 35218
245 ## - TITLE STATEMENT
Title The Court-fees act (vii of 1870) and the suits valuation act (vii of 1887)
250 ## - EDITION STATEMENT
Edition statement 4th ed.
260 ## - PUBLICATION, DISTRIBUTION, ETC.
Place of publication, distribution, etc. Lahore :
Name of publisher, distributor, etc. All Pakistan Legal Decisions ,
Date of publication, distribution, etc. 1963
300 ## - PHYSICAL DESCRIPTION
Extent 58 p.
526 ## - STUDY PROGRAM INFORMATION NOTE
Program name 0
Interest level 0
Reading level 0
Title point value 343_735000000000000_ALL
526 ## - STUDY PROGRAM INFORMATION NOTE
Program name 0
Interest level 0
Reading level 0
Title point value 347_735000000000000_ALL
650 #0 - SUBJECT ADDED ENTRY--TOPICAL TERM
Topical term or geographic name entry element Costs (Law) -- Pakistan
9 (RLIN) 37986
942 ## - ADDED ENTRY ELEMENTS (KOHA)
Source of classification or shelving scheme
Koha item type Book
Holdings
Withdrawn status Lost status Source of classification or shelving scheme Damaged status Not for loan Permanent Location Current Location Date acquired Total Checkouts Full call number Barcode Date last seen Price effective from Koha item type
          Military College of Engineering (MCE) Military College of Engineering (MCE) 02/11/2014   343.735 ALL MCE-2336 02/11/2014 02/11/2014 Book
          Military College of Engineering (MCE) Military College of Engineering (MCE) 02/13/2014   347.735 ALL   02/13/2014 02/13/2014 Book
© 2023 Central Library, National University of Sciences and Technology. All Rights Reserved.